Diaspora japonaise dans le monde - Statistiques

Statistiques générales
  • Ce quiz a été pris 93 fois
  • Le résultat moyen est 15 sur 18
Statistiques - réponses
Population Pays % Correct
1.550.000 États-Unis
100%
102.000 Chine
99%
129.000 Canada
98%
36.000 France
98%
42.000 Corée du Sud
95%
42.000 Allemagne
94%
2.000.000 Brésil
94%
65.000 Royaume-Uni
92%
86.000 Mexique
89%
95.000 Australie
86%
22.000 VIetnam
80%
78.000 Thailande
79%
76.000 Argentine
73%
33.000 Singapour
68%
25.000 Malaisie
65%
120.000 Philippines
65%
20.000 Taiwan
64%
103.000 Pérou
57%
Aucun quiz correspondant
Distribution des résultats
% des personnes avec chaque résultat
Percentile par nombre de réponses
Votre historique - résultats
Vous n’avez pas pris ce quiz